000 00526nam a2200205Ia 4500
003 OSt
005 20220926042732.0
006 a|||||r|||| 00| 0
007 ta
008 220923b |||||||| |||| 00| 0 eng d
037 _cGeneral Book
040 _aRTL
_cRTL
_beng
041 _2eng
_aeng
082 _aX65:8DR.2.N6, K3
245 0 _aINVESTMENT IN INDIA
_b Dividends on development
260 _c1963
650 _aInvestment
942 _hX65:8DR.2.N6, K3
_cGB
_2CC
999 _c670452
_d670452